[Event "Prague Futures 4th"]
[Site "Prague"]
[Date "2022.06.11"]
[Round "4"]
[White "Tolmacevs, Artjoms"]
[Black "Warchol, Kamil"]
[Result "0-1"]
[WhiteElo "2032"]
[BlackElo "1991"]
[PlyCount "56"]
[EventDate "2022.06.08"]
[EventType "tourn"]
[EventRounds "9"]
[EventCountry "CZE"]
[SourceTitle "CBM 208 Extra"]
[Source "ChessBase"]
[SourceDate "2022.07.31"]
[SourceVersion "1"]
[SourceVersionDate "2022.07.31"]
[SourceQuality "1"]

1. e4 e5 2. Nf3 Nc6 3. d4 exd4 4. Nxd4 Bc5 5. Nb3 Bb6 6. Nc3 Nf6 7. Qe2 a5 8. a4 0-0 9. Be3 Bxe3 10. Qxe3 d5 11. 0-0-0 Nb4 12. f3 Qe7 13. e5 Re8 14. f4 Bf5 15. Rd2 c6 16. h3 h6 17. g4 Bh7 18. Bg2 Nd7 19. Qf2 f6 20. exf6 Qxf6 21. Qg3 Nb6 22. f5 Nc4 23. Rf2 Re3 24. Rf3 Na2+ 25. Nxa2 Qxb2+ 26. Kd1 Rae8 27. Rxe3 Nxe3+ 28. Ke2 Nxf5+ 0-1

[Event "LAT-ch"]
[Site "Riga"]
[Date "2022.04.28"]
[Round "2"]
[White "Tolmacevs, Artjoms"]
[Black "Golubovskis, Maksims"]
[Result "0-1"]
[WhiteElo "2086"]
[BlackElo "2187"]
[PlyCount "102"]
[EventDate "2022.04.27"]
[EventType "swiss"]
[EventRounds "9"]
[EventCountry "LAT"]
[SourceTitle "CBM 208 Extra"]
[Source "ChessBase"]
[SourceDate "2022.07.31"]
[SourceVersion "1"]
[SourceVersionDate "2022.07.31"]
[SourceQuality "1"]

1. e4 c5 2. Nc3 d6 3. Nf3 Nf6 4. d4 cxd4 5. Nxd4 Bd7 6. Be3 Nc6 7. f3 a6 8. Qd2 e6 9. 0-0-0 h5 10. Rg1 b5 11. Qf2 Qc7 12. Nb3 Ne5 13. Bb6 Qc8 14. Na5 b4 15. Ne2 Be7 16. Nd4 d5 17. Ndb3 dxe4 18. Bd4 Nc6 19. Bxf6 gxf6 20. Nc4 Qc7 21. fxe4 Ne5 22. Qb6 Rc8 23. Qxc7 Rxc7 24. Nxe5 fxe5 25. Bxa6 Ra7 26. Be2 Rxa2 27. Kb1 Ra7 28. Rgf1 Bc6 29. Bf3 Kf8 30. Rf2 Kg7 31. Rdf1 h4 32. Be2 Bd6 33. Bd3 Rh5 34. Kc1 Rg5 35. h3 Rg3 36. Kb1 Rg6 37. Kc1 Ba4 38. Kb1 Rc7 39. Ba6 Rg3 40. Rd2 Be7 41. Rf3 Bc6 42. Rxg3+ hxg3 43. Bd3 f5 44. Re2 Kf6 45. Nd2 Be8 46. Nf3 Bh5 47. Re3 Bc5 48. Re2 Bxf3 49. gxf3 Bf2 50. f4 g2 51. fxe5+ Kxe5 0-1

[Event "Pobeskydy op 41st"]
[Site "Frydek Mistek"]
[Date "2022.04.15"]
[Round "3"]
[White "Mrazek, Roman1111"]
[Black "Tolmacevs, Artjoms"]
[Result "1/2-1/2"]
[WhiteElo "1723"]
[BlackElo "2086"]
[PlyCount "96"]
[EventDate "2022.04.14"]
[EventType "swiss"]
[EventRounds "9"]
[EventCountry "CZE"]
[SourceTitle "CBM 207 Extra"]
[Source "ChessBase"]
[SourceDate "2022.05.31"]
[SourceVersion "1"]
[SourceVersionDate "2022.05.31"]
[SourceQuality "1"]

1. e4 c5 2. Nf3 d6 3. d4 cxd4 4. Nxd4 Nf6 5. Nc3 a6 6. Be3 e5 7. Nb3 Be7 8. f3 Be6 9. Qd2 0-0 10. 0-0-0 a5 11. a4 Nc6 12. g4 Nb4 13. Kb1 Rc8 14. h4 d5 15. g5 Nh5 16. exd5 Bf5 17. Na1 Ng3 18. Bh3 Bxh3 19. Rxh3 Nf5 20. Nb3 b5 21. axb5 a4 22. Nc1 a3 23. b3 Rxc3 24. Qxc3 Nxd5 25. Rxd5 Qxd5 26. f4 Qg2 27. Bd2 e4 28. b6 Bd6 29. h5 e3 30. Rxe3 Nxe3 31. Qxe3 Rc8 32. Bc3 a2+ 33. Nxa2 Qf1+ 34. Kb2 Ra8 35. b4 Qc4 36. Nc1 Bxb4 37. Bxb4 Qxb4+ 38. Nb3 Rb8 39. h6 Qxb6 40. Qe5 gxh6 41. gxh6 f6 42. Qe7 Qb7 43. Qxf6 Qf7 44. Qg5+ Kf8 45. Qc5+ Kg8 46. Qg5+ Kf8 47. Qc5+ Kg8 48. Qg5+ Kf8 1/2-1/2

[Event "Riga Tech Rapid op"]
[Site "Riga"]
[Date "2021.08.08"]
[Round "8"]
[White "Sarkar, Justin"]
[Black "Tolmacevs, Artjoms"]
[Result "0-1"]
[WhiteElo "2338"]
[BlackElo "1876"]
[PlyCount "74"]
[EventDate "2021.08.08"]
[EventType "swiss (rapid)"]
[EventRounds "9"]
[EventCountry "LAT"]
[SourceTitle "CBM 203 Extra"]
[Source "ChessBase"]
[SourceDate "2021.09.30"]
[SourceVersion "1"]
[SourceVersionDate "2021.09.30"]
[SourceQuality "1"]

1. d4 Nf6 2. c4 c5 3. d5 b5 4. Qc2 bxc4 5. e4 d6 6. Bxc4 Nbd7 7. Nf3 g6 8. 0-0 Bg7 9. Nc3 0-0 10. h3 Rb8 11. Bf4 Qb6 12. Rab1 Ba6 13. Nd2 Bc8 14. Bh2 Ne8 15. f4 Nc7 16. Kh1 a6 17. Nf3 Nb5 18. e5 Nd4 19. Nxd4 cxd4 20. Na4 Qc7 21. exd6 exd6 22. b3 Nb6 23. Rbc1 Bf5 24. Qd2 Nxc4 25. Rxc4 Qb7 26. Bg1 Qxd5 27. Nc3 Qxc4 28. bxc4 dxc3 29. Qxd6 c2 30. Be3 Rbd8 31. Qxa6 Rd1 32. Rg1 Bd4 33. Bxd4 Rxg1+ 34. Kh2 Rh1+ 35. Kg3 c1Q 36. Qf6 Qe1+ 37. Bf2 Qe6 0-1

[Event "Pardubice op rapid 32nd"]
[Site "Pardubice"]
[Date "2021.07.22"]
[Round "8"]
[White "Tolmacevs, Artjoms"]
[Black "Nemec, Jachym"]
[Result "0-1"]
[WhiteElo "1818"]
[BlackElo "2240"]
[PlyCount "84"]
[EventDate "2021.07.21"]
[EventType "swiss (rapid)"]
[EventRounds "9"]
[EventCountry "CZE"]
[SourceTitle "CBM 203 Extra"]
[Source "ChessBase"]
[SourceDate "2021.09.30"]
[SourceVersion "1"]
[SourceVersionDate "2021.09.30"]
[SourceQuality "1"]

1. e4 c5 2. Nf3 Nc6 3. d4 cxd4 4. Nxd4 Nf6 5. Nc3 e5 6. Ndb5 d6 7. Bg5 a6 8. Na3 b5 9. Nd5 Be7 10. Bxf6 Bxf6 11. c3 0-0 12. Nc2 Rb8 13. a4 bxa4 14. Ncb4 Nxb4 15. Nxb4 Bb7 16. Rxa4 a5 17. Nd5 Bxd5 18. Qxd5 Rxb2 19. Bd3 Qb6 20. 0-0 Bd8 21. Bc4 Kh8 22. Ra2 Rb1 23. Rd2 Bc7 24. Rxb1 Qxb1+ 25. Rd1 Qb2 26. Qc6 Bb6 27. Rf1 Bc5 28. Bxf7 Qxc3 29. Qd7 Qd4 30. Qe7 d5 31. Qe6 dxe4 32. h3 a4 33. Kh2 Qd2 34. Bh5 Qg5 35. Be2 a3 36. Qd5 Bd4 37. f4 Qd8 38. fxe5 Qxd5 39. Rxf8+ Qg8 40. Rxg8+ Kxg8 41. e6 Kf8 42. Bc4 e3 0-1

[Event "Online Friendship U12"]
[Site "Tornelo INT"]
[Date "2020.11.21"]
[Round "5.2"]
[White "Tolmacevs, Artjoms"]
[Black "Omeri, Eklea"]
[Result "1-0"]
[WhiteElo "1762"]
[BlackElo "1070"]
[PlyCount "79"]
[EventDate "2020.11.21"]
[EventType "team-swiss"]
[EventRounds "7"]
[EventCountry "BLR"]
[SourceTitle "CBM 199 Extra"]
[Source "ChessBase"]
[SourceDate "2021.01.31"]
[SourceVersion "1"]
[SourceVersionDate "2021.01.31"]
[SourceQuality "1"]
[WhiteTeam "Latvia Riga Chess School"]
[BlackTeam "Albania"]
[WhiteTeamCountry "LAT"]
[BlackTeamCountry "ALB"]

1. e4 d6 2. d4 Nf6 3. Nc3 g6 4. Be3 Bg7 5. f3 0-0 6. Qd2 e5 7. 0-0-0 Nc6 8. d5 Ne7 9. Bh6 a6 10. h4 b5 11. h5 Nxh5 12. Bxg7 Kxg7 13. g4 Nf4 14. Qh2 h5 15. gxh5 Nxh5 16. Nge2 Rh8 17. Qg1 c6 18. Ng3 Nxg3 19. Rxh8 Qxh8 20. Qxg3 c5 21. Bg2 Qh6+ 22. Kb1 Bd7 23. Rh1 Qf4 24. Qf2 Rh8 25. Rxh8 Kxh8 26. Ne2 Qh6 27. Nc1 Bh3 28. Bxh3 Qxh3 29. f4 exf4 30. Qxf4 Qd7 31. Qxf7 Qd8 32. a3 a5 33. Nd3 c4 34. Nf4 b4 35. Qxe7 Qxe7 36. Nxg6+ Kg7 37. Nxe7 Kf7 38. Nc8 Kf6 39. Nxd6 Ke5 40. Nxc4+ 1-0

[Event "EU-ch Online U12"]
[Site "Tornelo INT"]
[Date "2020.09.19"]
[Round "4"]
[White "Ahmad, Khagan"]
[Black "Tolmacevs, Artjoms"]
[Result "1-0"]
[WhiteElo "1539"]
[BlackElo "1730"]
[PlyCount "119"]
[EventDate "2020.09.18"]
[EventType "swiss (rapid)"]
[EventRounds "9"]
[EventCountry "NET"]
[SourceTitle "EXT 2023"]
[Source "ChessBase"]
[SourceDate "2022.10.05"]
[SourceVersion "1"]
[SourceVersionDate "2022.10.05"]
[SourceQuality "1"]
[WhiteTeam "Azerbaijan"]
[BlackTeam "Latvia"]
[WhiteTeamCountry "AZE"]
[BlackTeamCountry "LAT"]

1. e4 c5 2. Nf3 d6 3. d4 cxd4 4. Nxd4 Nf6 5. Nc3 a6 6. Be3 e5 7. Nb3 Be6 8. f3 Be7 9. Qd2 0-0 10. 0-0-0 a5 11. Qf2 a4 12. Nc5 Qc8 13. N5xa4 Nbd7 14. Bb5 Bc4 15. Bxc4 Qxc4 16. Nb6 Nxb6 17. Bxb6 Ra6 18. Be3 b5 19. Qe2 Rxa2 20. Qxc4 Ra1+ 21. Kd2 Rxd1+ 22. Rxd1 bxc4 23. Ra1 Rd8 24. Ra7 Bf8 25. Bg5 Rb8 26. Bxf6 gxf6 27. Nd5 Bh6+ 28. Kc3 Kg7 29. Ne7 Bc1 30. Nf5+ Kg6 31. Nxd6 Bxb2+ 32. Kxc4 Bd4 33. Rb7 Rd8 34. Nf5 Bg1 35. Ne7+ Kg5 36. Nd5 Bxh2 37. Rxf7 h5 38. Rg7+ Kh6 39. Rf7 Kg5 40. Kd3 Bg1 41. c4 Bd4 42. Rxf6 Bf2 43. Rf5+ Kg6 44. Rxe5 Bc5 45. Re6+ Kg7 46. e5 Ra8 47. Rc6 Bf2 48. Ke4 Bg3 49. Kf5 Rf8+ 50. Nf6 h4 51. Rc7+ Rf7 52. Rxf7+ Kxf7 53. e6+ Ke7 54. Nd5+ Ke8 55. Kf6 Bd6 56. e7 h3 57. gxh3 Bg3 58. Ke6 Be5 59. f4 Bxf4 60. Nf6# 1-0